000 00572nam a2200229Ia 4500
003 OSt
005 20220926043854.0
006 a|||||r|||| 00| 0
007 ta
008 220923b |||||||| |||| 00| 0 eng d
037 _cGeneral Book
040 _aRTL
_cRTL
_beng
041 _2eng
_aeng
082 _aU, K1
100 _aMurphey Rhoads
_9235520
245 0 _aIntroduciton to geography
260 _c1961
490 _aRand Mcnally geography series
650 _aGeography
942 _hU, K1
_cGB
_2CC
999 _c673415
_d673415